000 00654nam a2200217Ia 4500
005 20250508170212.0
008 008 250505s9999 xx 000 0 eng d
020 _a978-93-93322-07-4
037 _aTextual
040 _aFEDL
_beng
_cFEDL
041 _aeng
_2eng
084 _a305.42, MIS
_qFEDL
100 _aMisir Prem Ed.
_9783435
245 0 _aSubaltern Indian woman: Domination and social degradation
260 _aSingapore & Switzerland
_bPalgrave Macmillan
_c2018
300 _axix, 292p.
365 _aINR
_b1795
546 _aFirst South Asian Edition, 2022
942 _cTEXL
_h305.42, MIS
999 _c1399763
_d1399763